• 首页
  • 本馆介绍
  • 公告通知
  • 最新文献
  • 馆藏检索
  • 电子资源
  • 读者导购
  • 参考咨询
  • 我的图书馆
  • 登录
  • 详细信息显示
  • 放入我的书架
  • 预约/预借图书
  • 作者相关作品
  • 分类相关作品
  • 丛书相关作品
  • 出版社相关作品

书目信息

  • 表格格式
  • 工作单格式
  • 卡片格式
题名:
洁净煤技术
    
 
作者: 郝临山 主编
分册:  
出版信息: 北京   化学工业出版社  2005
页数:
开本: 29cm
丛书名:
单 册:
中图分类: TK227.1
科图分类:
主题词: 锅炉
电子资源:
ISBN: 7-5025-5751-2
000 00495nam0 2200181 450
001 0754114953
005 20070929150154.95
010    @a7-5025-5751-2
100    @a20070929d km y0chiy0120 ea
101 0  @achi
200 1  @a洁净煤技术@Ajie jing mei ji shu@f郝临山 主编@Fhao lin shan zhu bian
210    @a北京@c化学工业出版社@d2005
215    @d29cm
606 0  @a锅炉
690    @aTK227.1@v3
701  0 @a郝临山@Ahao lin shan@4主编
801  0 @aCN@bPFT@c20070929
905    @a213230@dTK227.1@eh12@f1
    
    洁净煤技术/郝临山 主编.-北京:化学工业出版社,2005
    29cm
    
    
    ISBN 7-5025-5751-2:
    
●
相关链接 在E读中查询图书 在五车中查询图书 在当当中查询图书 在豆瓣中查询图书


正题名:洁净煤技术     索取号:TK227.1/h12         预约/预借

序号 登录号 条形码 馆藏地/架位号 状态 备注
1 6003109   260031094   密集书库-化学系/ [索取号:TK227.1/h12] 在馆    
唐山师范学院图书馆 欢迎您!
大连网信软件有限公司© 版权所有